বাংলাদেশের শাসনব্যবস্থা ও রাজনীতি / (Record no. 59666)
[ view plain ]
| 000 -LEADER | |
|---|---|
| fixed length control field | 00941nam a2200241 a 4500 |
| 001 - CONTROL NUMBER | |
| control field | 59666 |
| 003 - CONTROL NUMBER IDENTIFIER | |
| rucl marc code | BD-RjUL |
| 005 - DATE AND TIME OF LATEST TRANSACTION | |
| control field | 20211209080745.0 |
| 008 - FIXED-LENGTH DATA ELEMENTS--GENERAL INFORMATION | |
| fixed length control field | 161226s20001998bg ||||e |||| 000 0 ben d |
| 020 ## - INTERNATIONAL STANDARD BOOK NUMBER | |
| Terms of availability | : Tk.175.00 |
| 035 ## - SYSTEM CONTROL NUMBER | |
| System control number | (BD-RjUL)59790 |
| 040 ## - CATALOGING SOURCE | |
| Original cataloging agency | BD-RjUL |
| Language of cataloging | ben |
| Transcribing agency | BD-RjUL |
| Modifying agency | BD-RjUL |
| 041 ## - LANGUAGE CODE | |
| Language code of text/sound track or separate title | ben |
| 082 ## - DEWEY DECIMAL CLASSIFICATION NUMBER | |
| Edition number | 23 |
| Classification number | 320.95492 |
| Author mark and year | HUB 2000 |
| 100 ## - MAIN ENTRY--PERSONAL NAME | |
| Personal name | হক, আবুল ফজল |
| 9 (RLIN) | 118217 |
| 245 10 - TITLE STATEMENT | |
| Title | বাংলাদেশের শাসনব্যবস্থা ও রাজনীতি / |
| Statement of responsibility, etc. | আবুল ফজল হক |
| 250 ## - EDITION STATEMENT | |
| Edition statement | ৬ ষ্ঠ সং. |
| 260 ## - PUBLICATION, DISTRIBUTION, ETC. (IMPRINT) | |
| Place of publication, distribution, etc. | রংপুর : |
| Name of publisher, distributor, etc. | টাউন ষ্টোর্স, |
| Date of publication, distribution, etc. | ১৯৯৮ [মুদ্রণ ২০০০] |
| 300 ## - PHYSICAL DESCRIPTION | |
| Pagination | [১৪], ৪৪০ পৃ. ; |
| Size | ২২ সেমি. |
| 650 ## - SUBJECT ADDED ENTRY--TOPICAL TERM | |
| Topical term or geographic name as entry element | রাজনীতি ও সরকার |
| Geographic subdivision | বাংলাদেশ |
| 9 (RLIN) | 119957 |
| Topical term or geographic name as entry element | Politics and government |
| Geographic subdivision | Bangladesh |
| 9 (RLIN) | 119958 |
| 942 ## - ADDED ENTRY ELEMENTS (KOHA) | |
| Source of classification or shelving scheme | Dewey Decimal Classification |
| Koha item type | Books |
| Lost status | Source of classification or shelving scheme | Damaged status | Not for loan | Collection code | Permanent Location | Current Location | Shelving location | Date acquired | Source of acquisition | Cost, normal purchase price | Total Checkouts | Full call number | Date last seen | Copy number | Koha item type |
|---|---|---|---|---|---|---|---|---|---|---|---|---|---|---|---|
| Dewey Decimal Classification | Not For Loan | Non-fiction | Central Library, University of Rajshahi | Central Library, University of Rajshahi | Reading Room | 14/01/2001 | Islamia Library, Rajshahi. | 175.00 | B 320.95492 HUB 2000 | 26/12/2016 | C-1 | Books |